00383nam a2200145Ia 4500003000400000005001700004008004000021040000700061041000800068082001100076100002100087245006300108260005800171300000800229OSt20220802161142.0210210b1944 xxu||||| |||| 00| 0 eng d cAL aeng a386/18 aDAVAR (Sohrab R) aElements of Indian mercantile law including industrial law aBombaybProgressive Corporation Private Limitedc1944 a615